000 00397pab a2200157 454500
008 180718b2013 xxu||||| |||| 00| 0 eng d
100 _aShyamala, K.
245 _aIssues of primitive tribal identity in the oratures: A case of Chenchu and Yanadi
260 _c2013
300 _ap.65-73.
362 _a4 Feb
650 _aTribes
773 _aUniversity News
908 _aN
909 _a98182
999 _c98181
_d98181